000 00350nam a2200169Ia 4500
100 _aKanjilal/Jaydip
650 _aASP
942 _cBK
366 _f25
654 _aASP.NET
245 _aASP.NET 4.0 programming
260 _bTata McGraw Hill
_c2010
082 _a5.133
_bKAN
300 _a382
546 _aENGLISH
_cPAMPHALETS
999 _c20995
_d20995